The seductions of quantification (Registro nro. 308023)

Detalles MARC
000 -ENCABEZADO
Número de control [NR] 01954cam a2200373Mu 4500
005 - FECHA Y HORA DE LA ÚLTIMA TRANSACCIÓN
control field 20171115095401.0
008 - DE LONGITUD FIJA DE DATOS DE ELEMENTOS - INFORMACIÓN GENERAL
Elementos de longitud fija [NR] 171115s2016 xxu r 000 0 eng d
010 ## - NUMERO DE CONTROL DE LA BIBLIOTECA DEL CONGRESO (LC) [NR]
Número de control LC [NR] 2015044525
020 ## - NUMERO INTERNACIONAL NORMALIZADO PARA LIBROS [R]
Número Internacional Normalizado del libro [NR] 9780226261140
020 ## - NUMERO INTERNACIONAL NORMALIZADO PARA LIBROS [R]
Número Internacional Normalizado del libro [NR] 022626114X
020 ## - NUMERO INTERNACIONAL NORMALIZADO PARA LIBROS [R]
Número Internacional Normalizado del libro [NR] 9780226261287
035 ## - NUMERO DE CONTROL DEL SISTEMA [R]
Número de control del sistema [NR] (OCoLC)944075728
040 ## - FUENTE DE CATALOGACION [NR]
Agencia de catalogación original [NR] CO-BoUCM
Idioma de catalogación [NR] spa
Quien Cataloga Sandra Palacio
Quien Clasifica Sandra Palacio
100 1# - ASIENTO PRINCIPAL--NOMBRE PERSONAL [NR]
Nombre personal [NR] Merry, Sally Engle
ID Autoridad 44812
245 14 - MENCION DE TITULO [NR]
Título [NR] The seductions of quantification
Parte restante del título [NR] measuring human rights, gender violence, and sex trafficking
Mención de responsabilidad, etc. [NR] Sally Engle Merry
260 ## - PUBLICACION, DISTRIBUCION, ETC. (PIE DE IMPRENTA) [R]
Lugar de publicación, distribución, etc. [R] Chicago (Estados Unidos)
Nombre del editor, distribuidor, etc. [R] The University of Chicago Press
Fecha de publicación, distribución, etc. [R] 2016
300 ## - DESCRIPCION FISICA [R]
Extensión [R] 249 páginas
490 0# - MENCION DE SERIE [R]
Mención de serie [R] Chicago series in law and society
501 ## - NOTA DE “CON” [R]
Nota de “Con” [NR] A world of quantification.
501 ## - NOTA DE “CON” [R]
Nota de “Con” [NR] Indicators as a technology of knowledge.
501 ## - NOTA DE “CON” [R]
Nota de “Con” [NR] Measuring violence against women.
501 ## - NOTA DE “CON” [R]
Nota de “Con” [NR] Categorizing violence against women: the cultural work of commensuration.
501 ## - NOTA DE “CON” [R]
Nota de “Con” [NR] Measuring the unmeasurable: the US Trafficking in Persons Reports.
501 ## - NOTA DE “CON” [R]
Nota de “Con” [NR] Knowledge effects and governance effects of the Trafficking in Persons Reports.
501 ## - NOTA DE “CON” [R]
Nota de “Con” [NR] Human rights indicators: translating law into policy.
501 ## - NOTA DE “CON” [R]
Nota de “Con” [NR] Conclusions.
505 0# - NOTA DE CONTENIDO CON FORMATO PREESTABLECIDO [R]
Nota de contenido con formato preestablecido [NR] A world of quantification -- Indicators as a technology of knowledge -- Measuring violence against women -- Categorizing violence against women: the cultural work of commensuration -- Measuring the unmeasurable: the US Trafficking in Persons Reports -- Knowledge effects and governance effects of the Trafficking in Persons Reports -- Human rights indicators: translating law into policy -- Conclusions.
650 10 - ASIENTO SECUNDARIO DE MATERIA - TERMINO TEMATICO [R]
Término temático o nombre geográfico como elemento de entrada [NR] Mujeres
Subdivisión general [R] Violencia
Subdivisión geográfica [R] Estados Unidos
9 (RLIN) 88953
650 27 - ASIENTO SECUNDARIO DE MATERIA - TERMINO TEMATICO [R]
Término temático o nombre geográfico como elemento de entrada [NR] Mujeres
Subdivisión general [R] Violencia
-- Investigaciones
9 (RLIN) 88954
650 27 - ASIENTO SECUNDARIO DE MATERIA - TERMINO TEMATICO [R]
Término temático o nombre geográfico como elemento de entrada [NR] Tráfico de personas
Subdivisión general [R] Investigación
Subdivisión geográfica [R] Estados Unidos
9 (RLIN) 88955
653 ## - TERMINO DE INDIZACION - NO CONTROLADO [R]
Término de indización no controlado [R] Tráfico de personas
942 ## - ELEMENTOS DE ENTRADA AGREGADOS (KOHA)
Sistema de clasificación DEWEY
Tipo de ítem principal el descrito en 300a Libro
Tema principal Sociología
Edición 1
Clasificación 362.88082
Parte restante de la signatura top. M573sq
Existencias
Fecha de último préstamo Total préstamos Total Renewals Signatura topográfica Código de barras Última vez visto Ejemplar Costo de reposición Price effective from Tipo de ítem Perdido Sistema de clasificación Dañado No prestable Tipo de ítem específico Suprimido Ubicación habitual Ubicación actual Localización Fecha de creación Proveedor Forma de adquisición Costo
13/03/2020 4 12 362.88082 M573sq 100155415 09/12/2025 Ej.1 80453.00 08/11/2017 Libro   DEWEY     Libro   Claustro Claustro 2do piso 08/11/2017 15 Compra 80453.00